000 00267nam a2200133Ia 4500
100 _aDatapro
942 _cBK
654 _aBasic Plus
245 _aBasic Plus 2
260 _bDatapro consultancy Services
_aPune
300 _a84
546 _aENGLISH
999 _c23041
_d23041